Khyber caravan : (Record no. 529229)

000 -LEADER
fixed length control field 01032cam a2200301 i 4500
001 - CONTROL NUMBER
control field 373483
003 - CONTROL NUMBER IDENTIFIER
control field NUST
005 - DATE AND TIME OF LATEST TRANSACTION
control field 20190923112512.0
008 - FIXED-LENGTH DATA ELEMENTS--GENERAL INFORMATION
fixed length control field 790119r19771936pk ab 000 0 eng
010 ## - LIBRARY OF CONGRESS CONTROL NUMBER
LC control number 77930988
020 ## - INTERNATIONAL STANDARD BOOK NUMBER
Terms of availability Rs100.00
038 ## - RECORD CONTENT LICENSOR
Staff Name MSOHAIL
040 ## - CATALOGING SOURCE
Original cataloging agency DLC
Transcribing agency DLC
Modifying agency DLC
043 ## - GEOGRAPHIC AREA CODE
Geographic area code a-ii---
-- a-pk---
050 00 - LIBRARY OF CONGRESS CALL NUMBER
Classification number DS413
Item number .S64 1977
082 00 - DEWEY DECIMAL CLASSIFICATION NUMBER
Classification number 915.404350924
-- -
100 1# - MAIN ENTRY--PERSONAL NAME
Personal name Sinclair, Gordon,
Dates associated with a name 1900-
9 (RLIN) 21073
245 10 - TITLE STATEMENT
Title Khyber caravan :
Remainder of title through Kashmir, Waziristan, Afghanistan, Baluchistan, and northern India /
Statement of responsibility, etc. by Gordon Sinclair.
250 ## - EDITION STATEMENT
Edition statement 1st Pakistan ed.
260 ## - PUBLICATION, DISTRIBUTION, ETC.
Place of publication, distribution, etc. Lahore :
Name of publisher, distributor, etc. Sang-e-Meel Publications,
Date of publication, distribution, etc. 1978 [i.e. 1977]
300 ## - PHYSICAL DESCRIPTION
Extent 287 p. :
Other physical details ill., maps ;
Dimensions 22 cm.
500 ## - GENERAL NOTE
General note Reprint of the 1936 ed., published by Farrar & Rinehart, New York.
600 10 - SUBJECT ADDED ENTRY--PERSONAL NAME
Personal name Sinclair, Gordon,
Dates associated with a name 1900-
9 (RLIN) 21073
651 #0 - SUBJECT ADDED ENTRY--GEOGRAPHIC NAME
Geographic name India
General subdivision Description and travel.
9 (RLIN) 3320
651 #0 - SUBJECT ADDED ENTRY--GEOGRAPHIC NAME
Geographic name Pakistan
General subdivision Description and travel.
9 (RLIN) 3431
906 ## - LOCAL DATA ELEMENT F, LDF (RLIN)
a 7
b cbc
c orignew
d 4
e ncip
f 19
g y-gencatlg
942 ## - ADDED ENTRY ELEMENTS (KOHA)
Source of classification or shelving scheme
Koha item type Book
Holdings
Withdrawn status Lost status Source of classification or shelving scheme Damaged status Not for loan Permanent Location Current Location Date acquired Total Checkouts Full call number Barcode Date last seen Price effective from Koha item type
          School of Civil and Environmental Engineering (SCEE) School of Civil and Environmental Engineering (SCEE) 09/23/2019   915.404350924 NIT-10773 09/23/2019 09/23/2019 Book
© 2023 Central Library, National University of Sciences and Technology. All Rights Reserved.